zpět

Detail výsledku týmu

Spirit Bar - Žižkov, Praha

Datum a čas kvízu

20 Celkem bodů Celkový počet nahraných bodů na tomto kvízu bez doplňovacích otázek.
10. Pořadí na kvízu Konečné umístění týmu na tomto kvízu.

Zaznamenané odpovědi

# Otázka Odpověď Body Výsledky
1. Minulý týden přijel do České r... Viktor Orbán 0
2. Francouzský prezident Emmanuel... Vodní skútr. 0
3. Slovenská influencerka Zuzana... C 1
4. Brno opět překvapilo zbytek re... Stojí pod mostem. 0
5. Fotbalový klub z Teplic po sér... Jiří Jarošík 0
6. Pojďme se podívat na leváky, k... B 1
7. V roce 1956 se v Praze narodil... Yonex 0
8. Obyvatelé arktických oblastí U... Inuité 1
9. Leváka Boba, který se snaží op... Jaromír Meduna 0
10. Levákem byl i slavný vojevůdce... Na Korsice. 0